| 000 | 00606nam a2200205Ia 4500 | ||
|---|---|---|---|
| 005 | 20260429112013.0 | ||
| 008 | 260429s9999||||xx |||||||||||||| ||und|| | ||
| 020 | _a9781032585819 | ||
| 041 | _aEnglish | ||
| 082 |
_a370.1 _bBAZ |
||
| 100 | _aBazaluk, Oleg | ||
| 245 | 0 |
_aDiscursive thinking through of education : _blearning from those who transform the universe / _cOleg Bazaluk |
|
| 250 | _a1st ed. | ||
| 260 |
_aNew Delhi : _bRoutledge, _c2024. |
||
| 300 | _avi, 167 p.; pbk | ||
| 650 | _a Critical thinking | ||
| 650 | _a Pedagogical theory | ||
| 650 | _aEducational philosophy | ||
| 942 | _cTB | ||
| 999 |
_c51841 _d51841 |
||